000 00445pab a2200169 454500
008 180718b2011 xxu||||| |||| 00| 0 eng d
100 _aSharm, Arjun
245 _aE-panchayat initiatives: A review of policy and measures in Bihar
260 _c2011
300 _ap.29-35.
362 _aJan-Jun
650 _aE panchayat
650 _aPanchayat
773 _aSouth Asian Journal of Socio-Political Studies
908 _aN
909 _a92074
999 _c92074
_d92074